01165nam a2200265Ia 4500001000600000003000900006008004100015040001300056040001300069041001200082100001500094100002900109245005400138245005400192250001100246260001100257260001600268260004900284300005600333500041800389650002100807650003100828700001100859700002900870A6960IT-RoPAU130308s9999 xx 000 0 und d aIT-RoPAU cIT-RoPAU aINGLESE aVerna Tony gCodice Aut. SPICS: 36276 aLive Tv-An Inside Look at Directing and Producing bLive Tv-An Inside look At Directing And Producing a1a ed. aBOSTON bFocal Press c1987 [1° Ed.:1987 - Ed.Ling.Originale:1987] a"310 p. (prefazione: 22; testo: 288 [pagine: 0-0])" aTelevisione Vivente. Sguardo All'Interno della Direzione e Produzione. Ottanta professionisti Ai Vertici Industriali Rivelano I Loro Punti di Vista Ele Loro Esperienze televisive Con: notizie e Informazione, Sport, Eventi Speciali, Programmazioni dal vivo o Registrate, relazioni con produttori e Direttori, Come Hanno Ottenuto Lavoro in Televisione. a cura di William T. Bode. Note biografiche dei Collaboratori. aREGIA TELEVISIVA eCodice materia Spics: 6953 aAA.VV. gCodice Aut. SPICS: 12000